[Event "Corus A"]
[Site "Wijk aan Zee NED"]
[Date "2005.01.17"]
[Round "3"]
[White "Sokolov, I."]
[Black "Ponomariov, R."]
[Result "0-1"]
[WhiteElo "2685"]
[BlackElo "2700"]
[PlyCount "122"]
[EventDate "2005.01.15"]

1. d4 Nf6 2. c4 e6 3. Nc3 Bb4 4. Qc2 O-O 5. a3 Bxc3+ 6. Qxc3 b6 7. Bg5 Bb7 8.
e3 d6 9. Ne2 Nbd7 10. Qc2 c5 11. Rd1 Qc7 12. Nc3 a6 13. d5 exd5 14. cxd5 b5 15.
Bd3 b4 16. axb4 cxb4 17. Ne2 Qxc2 18. Bxc2 Bxd5 19. O-O Rfc8 20. Nd4 a5 21. Bf5
Rc5 22. Bxd7 Nxd7 23. Be7 Ra6 24. Rfe1 Be4 25. f3 Bg6 26. e4 f6 27. Ne2 Rcc6
28. Nd4 Rcb6 29. Bd8 Rb7 30. Ne6 Bf7 31. Nc7 Raa7 32. Rxd6 Rxc7 33. Bxc7 Rxc7
34. Red1 Be8 35. Ra6 Rc5 36. Ra7 Kf8 37. Rd5 Rxd5 38. exd5 Nb6 39. d6 a4 40.
Rb7 Nc4 41. Rxb4 Nxd6 42. Kf2 Ke7 43. Ke3 Ke6 44. Kd4 Nf5+ 45. Kc5 h5 46. Rb6+
Kf7 47. Rb7+ Kg6 48. Rb4 h4 49. g4 Nh6 50. h3 f5 51. Kd4 fxg4 52. fxg4 Nf7 (
52... Nxg4 53. hxg4 h3 54. Rc4 Kg5 55. Kc5 {to stop Bc6} (55. Rc2 Kxg4 56. Ke5
g5 $19) 55... h2 56. Rc1 Kf4 $19) 53. Rb8 Bd7 54. Rb7 Be6 55. Rb6 Kf6 56. Ra6
Ng5 57. Rxa4 Nxh3 58. b4 Nf4 59. b5 h3 60. Ke3 h2 61. Rxf4+ Kg6 0-1

[Event "Corus A"]
[Site "Wijk aan Zee NED"]
[Date "2005.01.17"]
[Round "3"]
[White "Polgar, Ju"]
[Black "Kramnik, V."]
[Result "1/2-1/2"]
[WhiteElo "2728"]
[BlackElo "2754"]
[PlyCount "118"]
[EventDate "2005.01.15"]

1. e4 c5 2. Nf3 Nc6 3. d4 cxd4 4. Nxd4 Nf6 5. Nc3 e5 6. Ndb5 d6 7. Bg5 a6 8.
Na3 b5 9. Nd5 Be7 10. Bxf6 Bxf6 11. c3 Bg5 12. Nc2 O-O 13. a4 bxa4 14. Rxa4 a5
15. Bc4 Rb8 16. b3 Kh8 17. Qe2 f5 18. h4 Bf6 19. exf5 Bxf5 20. Nce3 Bd7 21. Bd3
Ne7 22. Nxe7 Qxe7 23. Nd5 Qf7 24. Rxa5 Bd8 25. Ra7 Qxd5 26. Rxd7 Rxb3 27. Qg4
Bf6 28. Qf5 Qg8 29. O-O Rxc3 30. Rxd6 Bxh4 31. Qxe5 Bxf2+ 32. Rxf2 Rc1+ 33. Kh2
Rxf2 34. Rh6 Rcf1 35. Rxh7+ Qxh7+ 36. Bxh7 Kxh7 37. Qh5+ Kg8 38. Qe8+ Rf8 39.
Qe6+ R1f7 40. Kg3 Rd8 41. Kg4 Kf8 42. Kg5 Rf6 43. Qb3 Rdd6 44. Qb8+ Kf7 45.
Qb3+ Rde6 46. g4 Kg8 47. Kh4 Kh7 48. Qd3+ Rg6 49. Qf5 Ref6 50. Qe4 Rc6 51. Kg3
Rc3+ 52. Kh4 Rc5 53. Kg3 Rh5 54. Qb1 Ra5 55. Qe4 Ra1 56. Qf5 Rg1+ 57. Kf2 Rh1
58. Kg3 Rg1+ 59. Kf2 R1xg4 (59... R1xg4 60. Qh5+ Kg8 ({incidentally} 60... Rh6
61. Qxg4 {is a theoretical draw}) 61. Qd5+ Kh8 62. Qh5+ Kg8 63. Qd5+ Kf8 64.
Qd8+ Kf7 65. Qd7+ Kf6 66. Qd6+ Kg5 67. Qe5+ Kh4 68. Qh2+ Kg5 69. Qe5+ Kh6 70.
Qh2+ Kg5 71. Qe5+) 1/2-1/2